00329 a2200133 450000100060000002000220000604000240002810000210005224000390007324500340011230000090014636200090015565000310016447600 a978-85-06-07028-4 cAnchieta - Aquarius aCampos, Vinicius10aVinícius Campos conta Grimmlpor10aVinícius Campos conta Grimm a53p.0 a2017 4aLiteratura infanto-juvenil